Kappaleen nimi sanoituksissa #6 - Statistics

Yleistilastot
  • Tätä visaa on pelattu 386 kertaa
  • Keskiarvotulos 11 / 20
Vastaustilastot
Sanat % Oikein
Kappas vaan {Minttu} {sekä} {Ville} / Kahdestaan lähti hippasille
91%
Sillä tämä ilta kävellään käsi kädessä / {Ihmisten} {edessä} / Älä sinä muiden katseista välitä
91%
Mä tuntee voin sen / Tää on kaunis päivä, mä oon {onnellinen}
84%
Sä oot {silkkii} mun sylissäni / Niin kuin lämmin vesi, joka lainehtii
82%
{Anna} {mulle} {tähtitaivas}, anna valo pimeään / Anna mulle aamurusko, anna usko elämään
78%
Selvästi hyvä päivä / Hyvä päivä / Siis hyvästi {selvä} {päivä}
78%
Mannapuuroa ja mansikkaa / Juuri oikeenlaista {kemiaa}
75%
{Kun} {kuuntelen} {Tomppaa} / Kun kuulen kuinka rummut lyö / Ja kitara komppaa
72%
Onks tääl muka {muitaki} {ihmisii}? / Ei ainakaan ketään noin hyvii
71%
Jokainen laittaa kiinni {siivet} selkäänsä / Sen kaiken mitä niistä on jäljellä
56%
{Viidestoista} {yö} taas saapuu painajaisineen / Ja kaikki paitsi elämä on turhaa
56%
Sano, että yksin olla sä tahdot mun / Silloin {satulinna} kaukomaan / Meille kuuluis kokonaan
55%
Vedetään päähän {bandana} / Koko kesän ihan Rambona
53%
Joku lentäen lähtee, joku maatuen / Mut edessämme on tunnettu {tuntematon}
47%
Jonka varrella on talo / Sen ikkunalla sinä / Ja sinulla on {sydän} / {jota} {rakastan}
41%
Hei, {älä} {herätä} {mua} {unesta} / Hei, tai mä en pääse sinne uudestaan
33%
Minä tahdoin kuulla jo sen, että olisit onnellinen / Minä tahdoin {kaikkea} {hyvää} nimeen rakkauden
21%
Jos hetken aikaa ollaan ihan niin kuin ennenkin / {En} {luovu} {susta} {koskaan} / Vaikka irti päästänkin
13%
Ja vaikka joskus vaarallinen / On matka silti ihmeellinen / {Mahdollisuus}
4%
{Tuulikki}, {pidä} {huivistasi} {kii} nyt mennään / Hetkeksi kaikki jäädä saa
3%
Ehtoja vastaavia visoja ei löytynyt
Tulosjakauma
Jokaisen tuloksen saaneiden osuus
Persentiili vastausten määrän mukaan
Tuloshistoriasi
Et ole pelannut tätä visaa